<?xml version="1.0" encoding="UTF-8"?><?xml-stylesheet type="text/xsl" href="static/style.xsl"?><OAI-PMH xmlns="http://www.openarchives.org/OAI/2.0/" xmlns:xsi="http://www.w3.org/2001/XMLSchema-instance" xsi:schemaLocation="http://www.openarchives.org/OAI/2.0/ http://www.openarchives.org/OAI/2.0/OAI-PMH.xsd"><responseDate>2026-05-17T01:43:53Z</responseDate><request verb="GetRecord" identifier="oai:repisalud.isciii.es:20.500.12105/10124" metadataPrefix="marc">https://repisalud.isciii.es/rest/oai/request</request><GetRecord><record><header><identifier>oai:repisalud.isciii.es:20.500.12105/10124</identifier><datestamp>2024-05-21T11:02:17Z</datestamp><setSpec>com_20.500.12105_2203</setSpec><setSpec>com_20.500.12105_2202</setSpec><setSpec>col_20.500.12105_19505</setSpec><setSpec>col_20.500.12105_19585</setSpec></header><metadata><record xmlns="http://www.loc.gov/MARC21/slim" xmlns:dcterms="http://purl.org/dc/terms/" xmlns:doc="http://www.lyncode.com/xoai" xmlns:xsi="http://www.w3.org/2001/XMLSchema-instance" xsi:schemaLocation="http://www.loc.gov/MARC21/slim http://www.loc.gov/standards/marcxml/schema/MARC21slim.xsd">
   <leader>00925njm 22002777a 4500</leader>
   <datafield ind2=" " ind1=" " tag="042">
      <subfield code="a">dc</subfield>
   </datafield>
   <datafield ind2=" " ind1=" " tag="720">
      <subfield code="a">Instituto de Salud Carlos III. Centro Nacional de Epidemiología</subfield>
      <subfield code="e">author</subfield>
   </datafield>
   <datafield ind2=" " ind1=" " tag="260">
      <subfield code="c">2007-12-22</subfield>
   </datafield>
   <datafield ind2=" " ind1=" " tag="520">
      <subfield code="a">Resultados de Laboratorio: En esta semana de vigilancia se han notificado un total de 29 aislamientos centinela (con una tasa de aislamiento de 26%) que se distribuyen de la siguiente manera: Andalucía (3 B), Aragón (6 A no subtipado), Asturias (5 A no subtipado), Baleares (1 A), Castilla y León (1 A no subtipado), Cataluña (1 A no subtipado), Comunidad Valenciana (2 AH1N1), País Vasco (1 AH1, 4 AH1N1, 1 AH3 y 4B). Además, se han aislado cinco virus de la gripe A en muestras no centinela, 2 A no subtipado procedentes del Laboratorio del Hospital Miguel Servet de Zaragoza (Aragón), 1 AH1N1 y 1 AH3N2 procedentes del Laboratorio del Hospital Son Dureta de Palma de Mallorca (Baleares) y 1 A no subtipado procedente del Laboratorio de Microbioloxía de Vigo y Ourense (Galicia). La circulación viral predominante esta semana corresponde a virus de la gripe A, AH1N1 entre los subtipados y se observa un aumento en la circulación de virus de la gripe B. Desde la semana 40/2007 se han notificado 194 aislamientos de virus de la gripe. Del total de aislamientos, 165 (85%) son virus de la gripe A (68% de AH1 y 24% de AH1N1 entre los subtipados), 28 (14%) de virus de la gripe B y uno de virus C (0,5%). A nivel global, desde el inicio de la  temporada, hay una circulación mayoritaria de virus de la gripe A, AH1 entre los subtipados. En la semana 51/2007 continua el descenso en la circulación de VRS.</subfield>
   </datafield>
   <datafield ind1="8" ind2=" " tag="024">
      <subfield code="a">http://hdl.handle.net/20.500.12105/10124</subfield>
   </datafield>
   <datafield tag="653" ind2=" " ind1=" ">
      <subfield code="a">Gripe</subfield>
   </datafield>
   <datafield tag="653" ind2=" " ind1=" ">
      <subfield code="a">Vigilancia epidemiológica</subfield>
   </datafield>
   <datafield ind2="0" ind1="0" tag="245">
      <subfield code="a">Vigilancia de la gripe en España Semana 51/2007 (16 al 22 de diciembre de 2007)</subfield>
   </datafield>
</record></metadata></record></GetRecord></OAI-PMH>